Loading...
| Mythology | 0 | 4 | 0 | 1 | 40 | 76 | 103.75 | 2 | 3 | 0.00 | 0.00 |
| Literature - British | 0 | 4 | 0 | 0 | 40 | 42 | 97.25 | 1 | 1 | 0.00 | 0.00 |
| History - Other | 0 | 3 | 0 | 0 | 30 | 100 | 112.67 | 0 | 0 | 0.00 | 0.00 |
| History - European | 0 | 3 | 0 | 0 | 30 | 29 | 54.00 | 1 | 3 | 0.00 | 0.00 |
| Fine Arts - Classical Music | 0 | 1 | 0 | 1 | 10 | 130 | 130.00 | 0 | 0 | 0.00 | 0.00 |
| Literature - World | 0 | 1 | 0 | 1 | 10 | 143 | 143.00 | 0 | 1 | 0.00 | 0.00 |
| Fine Arts - Painting and Sculpture | 0 | 1 | 0 | 0 | 10 | 99 | 99.00 | 0 | 0 | 0.00 | 0.00 |
| Philosophy | 0 | 1 | 1 | 0 | 5 | 135 | 135.00 | 0 | 0 | 0.00 | 0.00 |
| History - American | 0 | 1 | 1 | 0 | 5 | 120 | 120.00 | 0 | 0 | 0.00 | 0.00 |
| Literature - American | 0 | 1 | 1 | 0 | 5 | 140 | 140.00 | 0 | 0 | 0.00 | 0.00 |
| Literature - European | 0 | 1 | 1 | 0 | 5 | 127 | 127.00 | 0 | 1 | 0.00 | 0.00 |